00851 a2200169 4500003000500000005001700005040000900022082001200031100003900043245007900082260003200161300001600193505041700209538003000626650001400656651001100670Nust20170207153218.0 cNust a621.382 aAhmed , Zamir Muhammad (MSEE-8) aFrequency synchronization in OFDM mobile systemscMuhammad Zamir Ahmed  bMCS, NUSTc2008aRawalpindi aix,63, p.; aIntroduction to thesis (page-1) Evolution of OFDM and its various applications (page-4) Basics of multi-carrier modulation (page-11) Wireless radio channel modeling for OFDM systems (page-16) Existing frequency synchronization techniques (page-27) simulations and designed algorithm details (page-36) Frequency synchronization simulations and performance analysis (page-450 Conclusions and future work (page-56). aAlmirah No 69 Shelf No 1  aMS Thesis aMSEE-8